000 00640nam a2200217Ia 4500
003 OSt
005 20260415174129.0
008 210423s2011 xx 000 0 und d
020 _a9789380578477
040 _cAL
041 _aEnglish
082 _a628
_bTHAE
100 _aIndu Shekhar Thakur
_9100200
245 _aEnvironmental biotechnology
_b: basic concepts and applications
250 _a2
260 _aNew Delhi
_bI K International Publishing House
_c2011
300 _axviii,516p.
_bPB
_c23.5x17.5cm
365 _b295
_cINR
906 _aapplications. ; basic ; biotechnology: ; concepts ; Environmental
942 _2ddc
_cBK
999 _c164514
_d164514